000 00983cam a22003132 4500
999 _c80223
_d80223
001 41596234X
003 DE-627
005 20201130154633.0
007 tu
008 990101s1937 xx ||||| 00| ||und c
035 _a(DE-627)41596234X
035 _a(DE-599)GBV41596234X
035 _a(OCoLC)250354058
040 _aDE-627
_bger
_cDE-627
_erakwb
_dSTAFF
084 _a21.70
_2bkl
084 _a56.88
_2bkl
100 1 _aClemen, Paul
_4aut
245 1 0 _aGotische Kathedralen in Frankreich
_bParis, Chartres, Amiens, Reims
_cText v. Paul Clemen. Aufnahmen v. Martin Hürlimann
264 1 _aZürich, Berlin
_bAtlantis Verl.
_c(1937)
300 _aLXI, 167 S. 4"
336 _aText
_btxt
_2rdacontent
337 _aohne Hilfsmittel zu benutzen
_bn
_2rdamedia
338 _aBand
_bnc
_2rdacarrier
951 _aBO
700 1 _aHürlimann, Martin
_d1897-1984
_0(DE-588)118554433
_0(DE-627)079351956
_0(DE-576)16151071X
_4aut
936 b k _a21.70
936 b k _a56.88
942 _2z
_cB